000 00316nam a2200145Ia 4500
100 _aBerquist Kim
942 _cBK
654 _aComputer
245 _aLectures Notes in Computer Science 1164
260 _bSpringer
_aNew Delhi
_c1996
082 _a4.65
_bBER
300 _a417
546 _aENGLISH
999 _c22324
_d22324